Dopasuj jedzenie do państwa - Statystyki

Ogólne statystyki
  • Ten quiz został rozwiązany 961 razy
  • Średni wynik to 13 z 18
Statystyki odpowiedzi
Danie Państwo % Poprawnych
Pierogi Polska
99%
Spaghetti Włochy
99%
Pizza Włochy
99%
Sushi Japonia
96%
Ramen Japonia
96%
Ślimaki Francja
91%
Kebab Turcja
91%
Taco Meksyk
88%
Bratwurst Niemcy
88%
Gulasz Węgry
81%
Paella Hiszpania
80%
Placki Czechy
68%
Schnitzel Austria
64%
Souvlaki Grecja
55%
Chinkali Gruzja
40%
Bacalhau Portugalia
33%
Čevape Bośnia
15%
Kleftiko Cypr
11%
Nie znaleziono quizów pasujących do podanych kryteriów
Rozkład punktacji
Procent ludzi z każdym wynikiem
Percentyl według liczby udzielonych odpowiedzi
Twoja historia wyników
Nie rozwiązałeś tego quizu